Romans célèbres - Statistiques

Statistiques générales
  • Ce quiz a été pris 596 fois
  • Le résultat moyen est 20 sur 30
Statistiques - réponses
Titre Mot % Correct
Le tour du 5 en quatre-vingts jours monde
96%
A la 9 du temps perdu recherche
93%
Les 8 de Sophie malheurs
91%
Les 5 et une nuits mille
91%
La 6 de Troie n'aura pas lieu guerre
89%
La 4 aux camélias dame
87%
Vingt mille 6 sous les mers lieues
87%
Les 8 dangereuses liaisons
84%
L'île au 6 trésor
84%
Les 7 de mon moulin lettres
82%
8 d'outre-tombe mémoires
79%
Le 7 de Séville barbier
78%
Le dernier des 8 Mohicans
77%
Le 6 au corps diable
74%
Le 9 Fracasse capitaine
73%
La 4 de l'oncle Tom case
73%
Le 7 Jivago docteur
73%
La 10 de Parme chartreuse
68%
L' 9 sentimentale éducation
67%
La 6 Fadette petite
59%
Cinq semaines en 6 ballon
57%
Le lys dans la 6 vallée
55%
7 de cordée premier
53%
L'5 qui voulut être roi homme
52%
Les caprices de 8 Marianne
37%
Les 8 de Paris mystères
36%
7 d'Islande pêcheur
35%
Les 5 du Vatican caves
34%
Les 4 sous de Lavarède cinq
15%
Les 9 du roi Pausole aventures
5%
Aucun quiz correspondant
Distribution des résultats
% des personnes avec chaque résultat
Percentile par nombre de réponses
Votre historique - résultats
Vous n’avez pas pris ce quiz